[Event "10th Lost Boys op"]
[Site "Amsterdam NED"]
[Date "2002.07.29"]
[Round "4.40"]
[White "Van Egmond, Rogier Marcel"]
[Black "Theulings, Paul-Peter"]
[Result "1/2-1/2"]
[WhiteElo "2276"]
[BlackElo "2133"]
[EventDate "2002.07.26"]
[PlyCount "86"]

1.c4 Nf6 2.g3 e5 3.Bg2 Nc6 4.Nc3 Bb4 5.Nd5 O-O 6.a3 Be7 7.e3 Re8 8.Ne2 d6 
9.O-O Bf5 10.d4 exd4 11.exd4 Be4 12.Be3 Bxg2 13.Kxg2 Qd7 14.Nec3 Na5 15.b3
c6 16.Nxf6+ Bxf6 17.Qc2 d5 18.c5 b5 19.a4 a6 20.Ra2 Nb7 21.axb5 axb5 22.
Rfa1 Rxa2 23.Rxa2 Nxc5 24.dxc5 d4 25.Qd3 b4 26.Ne4 Qd5 27.f3 dxe3 28.Qxe3 
Be5 29.Nd6 Rd8 30.Rd2 Qe6 31.Nc4 Rxd2+ 32.Qxd2 Bc7 33.Kf2 h5 34.Qxb4 Qh3 
35.Qb7 Qxh2+ 36.Ke3 Qg1+ 37.Ke4 Qb1+ 38.Kd4 Bxg3 39.Qxc6 Bf2+ 40.Kc3 Be1+ 
41.Kd4 Qd1+ 42.Ke4 Qc2+ 43.Kf4 Qh2+ 1/2-1/2

[Event "10th Lost Boys op"]
[Site "Amsterdam NED"]
[Date "2002.07.29"]
[Round "4.41"]
[White "De Saegher, Chris"]
[Black "Wunnink, Michael"]
[Result "1/2-1/2"]
[WhiteElo "2217"]
[BlackElo "2255"]
[EventDate "2002.07.26"]
[PlyCount "138"]

1.d4 Nf6 2.c4 g6 3.Nc3 d5 4.Nf3 Bg7 5.cxd5 Nxd5 6.e4 Nxc3 7.bxc3 c5 8.Rb1 
O-O 9.Be2 cxd4 10.cxd4 Qa5+ 11.Qd2 Qxd2+ 12.Bxd2 b6 13.O-O Bb7 14.d5 Ba6 
15.Bxa6 Nxa6 16.Be3 Rfc8 17.Rfc1 Kf8 18.Kf1 Ke8 19.Ke2 h6 20.Nd4 Nc5 21.f3
Kd7 22.Nc6 Na4 23.Kd2 e6 24.Rb4 Nc5 25.Bxc5 bxc5 26.Rb7+ Kd6 27.Rxf7 Bh8 
28.Rh7 exd5 29.exd5 Bf6 30.Re1 Kxd5 31.Ne7+ Bxe7 32.Rexe7 Rc6 33.Kc3 Ra6 
34.Rxh6 Rg8 35.Rd7+ Ke5 36.Rd2 Rb8 37.Rb2 Rd8 38.Rh4 Ra3+ 39.Kc2 Kd5 40.
Re4 Rd6 41.Kb1 Kc6 42.Rbe2 Rad3 43.Re6 Rd1+ 44.Kc2 Rd2+ 45.Rxd2 Rxe6 46.
Kd3 Kb5 47.Rb2+ Kc6 48.Re2 Rd6+ 49.Kc3 a5 50.a4 Rd4 51.Re4 Rb4 52.h4 Kd5 
53.Rg4 Ke5 54.Rxg6 Rxh4 55.Rg4 Rh1 56.Kc4 Rc1+ 57.Kb5 Kd5 58.Kxa5 Rb1 59.
Rg8 c4 60.Rc8 Kd4 61.f4 c3 62.f5 Kd3 63.g4 c2 64.Rxc2 Kxc2 65.g5 Rf1 66.
Kb6 Rxf5 67.a5 Kb3 68.a6 Rxg5 69.a7 Rg6+ 1/2-1/2

[Event "10th Lost Boys op"]
[Site "Amsterdam NED"]
[Date "2002.07.29"]
[Round "4.42"]
[White "Bertrem, Stijn"]
[Black "Blanchard, Jack"]
[Result "1/2-1/2"]
[WhiteElo "2220"]
[BlackElo "2255"]
[EventDate "2002.07.26"]
[PlyCount "120"]

1.d4 d5 2.c4 c6 3.Nf3 Be6 4.Nc3 Nf6 5.Qb3 Qb6 6.c5 Qc7 7.Bf4 Qc8 8.e3 Nbd7
9.Be2 Bg4 10.Qc2 Nh5 11.Bg5 h6 12.Bh4 g5 13.h3 Be6 14.Nd2 gxh4 15.Bxh5 Nf6
16.Bf3 Qc7 17.O-O-O Bg7 18.Rhg1 Qd7 19.g4 hxg3 20.Rxg3 Bf8 21.e4 dxe4 22.
Ndxe4 Nxe4 23.Bxe4 Bd5 24.Re1 e6 25.Bxd5 cxd5 26.f4 O-O-O 27.f5 Be7 28.
fxe6 fxe6 29.Rg6 Rde8 30.Kd1 Bh4 31.Re5 Qf7 32.Qg2 Bg5 33.Rgxg5 hxg5 34.
Nb5 Qh5+ 35.Kc1 Qxh3 36.Nd6+ Kd7 37.Qxh3 Rxh3 38.Nxe8 Kxe8 39.Rxe6+ Kf7 
40.Re5 Kf6 41.Rxd5 g4 42.Kd2 Rh2+ 43.Ke3 Rxb2 44.Kf4 Rxa2 45.Kxg4 a5 46.
Rd6+ Ke7 47.Kf5 Rb2 48.Rh6 a4 49.Rh7+ Kd8 50.Ke6 Kc8 51.d5 a3 52.Rh8+ Kc7 
53.d6+ Kc6 54.Rc8+ Kb5 55.d7 Re2+ 56.Kd6 Rd2+ 57.Kc7 Kxc5 58.Kxb7+ Kb4 59.
d8=Q Rxd8 60.Rxd8 a2 1/2-1/2

[Event "10th Lost Boys op"]
[Site "Amsterdam NED"]
[Date "2002.07.29"]
[Round "4.43"]
[White "Wemmers, Xander"]
[Black "Michielsen, Joost"]
[Result "1/2-1/2"]
[WhiteElo "2274"]
[BlackElo "2163"]
[EventDate "2002.07.26"]
[PlyCount "62"]

1.e4 e6 2.d4 d5 3.e5 c5 4.c3 Nc6 5.Nf3 Qb6 6.a3 c4 7.Nbd2 f6 8.Be2 fxe5 9.
dxe5 Nh6 10.O-O Ng4 11.b3 Bc5 12.Nd4 Nxd4 13.Bxg4 Nxb3 14.Nxb3 cxb3 15.Rb1
O-O 16.Bf3 Qc7 17.Qe2 Bd7 18.Rxb3 Rf5 19.Bg4 Rf7 20.Be3 b6 21.Bd4 Rc8 22.
Qe3 Qc6 23.h4 Qa4 24.Rfb1 Bxd4 25.cxd4 Rc2 26.Be2 Rf8 27.Rb4 Rxe2 28.Rxa4 
Rxe3 29.Rxa7 Re2 30.Rxd7 Rfxf2 31.Rxb6 Rxg2+ 1/2-1/2

[Event "10th Lost Boys op"]
[Site "Amsterdam NED"]
[Date "2002.07.29"]
[Round "4.44"]
[White "Plasman, Hans"]
[Black "Thorhallsson, Gylfi"]
[Result "1-0"]
[WhiteElo "2255"]
[BlackElo "2250"]
[EventDate "2002.07.26"]
[PlyCount "57"]

1.e4 c5 2.d4 cxd4 3.c3 d3 4.Bxd3 Nc6 5.Be3 Nf6 6.c4 g6 7.Nc3 Bg7 8.h3 O-O 
9.Nf3 d6 10.O-O Bd7 11.Rc1 Qa5 12.a3 a6 13.Qd2 Rfc8 14.Rfd1 Rab8 15.b4 Qd8
16.Be2 Be6 17.Ng5 Ne5 18.Nxe6 fxe6 19.c5 dxc5 20.Qa2 Qb6 21.Na4 Qc6 22.
Nxc5 Qe8 23.Qxe6+ Nf7 24.e5 Rc6 25.Qb3 Nh5 26.g4 Bxe5 27.Nd7 Rxc1 28.Bxc1 
Nf4 29.Bc4 1-0

[Event "10th Lost Boys op"]
[Site "Amsterdam NED"]
[Date "2002.07.29"]
[Round "4.45"]
[White "Markus, John Raymond"]
[Black "Willemze, Thomas"]
[Result "1/2-1/2"]
[WhiteElo "2247"]
[BlackElo "2253"]
[EventDate "2002.07.26"]
[PlyCount "80"]

1.d4 Nf6 2.c4 c5 3.d5 b5 4.cxb5 a6 5.bxa6 g6 6.Nc3 Bxa6 7.g3 d6 8.Bg2 Bg7 
9.Nf3 O-O 10.O-O Nbd7 11.Rb1 Nb6 12.b3 Bb7 13.e4 e6 14.dxe6 fxe6 15.e5 Ne8
16.Bg5 Qd7 17.Be3 Bc6 18.b4 Nc4 19.b5 Bb7 20.Bxc5 Rc8 21.Bb4 Bh6 22.exd6 
Nexd6 23.Re1 Qf7 24.Bxd6 Nxd6 25.Qxd6 Rxc3 26.Qxe6 Qxe6 27.Rxe6 Bxf3 28.
Bxf3 Rcxf3 29.b6 R3f7 30.a4 Bg7 31.Rb4 Rxf2 32.b7 Rb2 33.Rxb2 Bxb2 34.Rc6 
Be5 35.a5 Kg7 36.Rc8 h5 37.a6 g5 38.Kg2 Rf6 39.a7 Bd4 40.Rc7+ Kg6 1/2-1/2

[Event "10th Lost Boys op"]
[Site "Amsterdam NED"]
[Date "2002.07.29"]
[Round "4.46"]
[White "O`Cinneide, Mel"]
[Black "Van Helvoort, Rob A. M."]
[Result "1/2-1/2"]
[WhiteElo "2251"]
[BlackElo "2182"]
[EventDate "2002.07.26"]
[PlyCount "112"]

1.c4 c5 2.g3 g6 3.Bg2 Bg7 4.Nc3 Nc6 5.e4 e6 6.Nge2 Nge7 7.a3 b6 8.O-O d6 
9.b4 Bb7 10.Rb1 Qd7 11.d3 O-O 12.Be3 Nd4 13.f4 f5 14.Qd2 Rad8 15.h3 Qc8 
16.Bf2 Qa8 17.Rfe1 fxe4 18.dxe4 Nef5 19.Kh2 Nxe2 20.Rxe2 Nd4 21.Ree1 Rf7 
22.Be3 Qb8 23.Qd3 Rdf8 24.Rf1 e5 25.Rf2 exf4 26.gxf4 Ne6 27.Ne2 Bh6 28.
Rbf1 Ng7 29.Kg1 Qc7 30.Rd1 Ne8 31.Kh1 Qe7 32.bxc5 bxc5 33.Rdf1 Nf6 34.Ng3 
Re8 35.e5 Bxg2+ 36.Kxg2 Nd7 37.Qd5 Nb6 38.Qc6 Nxc4 39.Bc1 dxe5 40.Qe4 Qb7 
41.Qxb7 Rxb7 42.Ne4 Rf8 43.Rc2 Na5 44.fxe5 Rxf1 45.Bxh6 Rfb1 46.Rxc5 R7b2+
47.Kf3 Nb3 48.Rc8+ Kf7 49.Ng5+ Ke7 50.Rc7+ Ke8 51.Ne6 Rf1+ 52.Kg3 Rg1+ 53.
Kh4 Re2 54.Ng7+ Kd8 55.Ne6+ Ke8 56.Ng7+ Kd8 1/2-1/2

[Event "10th Lost Boys op"]
[Site "Amsterdam NED"]
[Date "2002.07.29"]
[Round "4.47"]
[White "Roebers, Jan"]
[Black "Hopman, Pieter"]
[Result "1/2-1/2"]
[WhiteElo "2250"]
[BlackElo "2225"]
[EventDate "2002.07.26"]
[PlyCount "208"]

1.d4 Nf6 2.c4 c5 3.d5 e6 4.Nc3 exd5 5.cxd5 d6 6.e4 g6 7.Bd3 Bg7 8.Nge2 O-O
9.O-O a6 10.a4 Re8 11.Ng3 Nbd7 12.f4 h5 13.Qf3 Ng4 14.Nge2 c4 15.Bc2 Rb8 
16.h3 Ngf6 17.Be3 Qc7 18.Qf2 b6 19.Rad1 b5 20.axb5 axb5 21.e5 b4 22.exf6 
Nxf6 23.f5 bxc3 24.Nxc3 Rxb2 25.Bc1 Rxc2 26.Qxc2 Bxf5 27.Rxf5 gxf5 28.Qxf5
Qb6+ 29.Kh1 Qb3 30.Qf3 Ne4 31.Rf1 Ng3+ 32.Qxg3 Qxc3 33.Qxd6 Qe5 34.Qd7 Qe7
35.Qf5 f6 36.Bf4 Qe2 37.Bc7 c3 38.d6 Re5 39.d7 Rxf5 40.d8=Q+ Kh7 41.Rxf5 
c2 42.Rc5 Qd1+ 43.Kh2 c1=Q 44.Rxc1 Qxc1 45.Qd3+ Kh8 46.Bg3 Qg5 47.Qe4 Qb5 
48.Bf4 Qd7 49.Kg3 f5 50.Qf3 Qe8 51.Kh4 Bf6+ 52.Bg5 Kg7 53.Qxf5 Bd4 54.Qf4 
Be5 55.Qf3 Bd4 56.g3 Be5 57.Qb7+ Kg6 58.Qa6+ Kg7 59.Qh6+ Kg8 60.Bf6 Qa4+ 
61.Kxh5 Qe8+ 62.Kg5 Bxf6+ 63.Qxf6 Qe3+ 64.Kh4 Qe4+ 65.g4 Qh7+ 66.Kg3 Qc7+ 
67.Qf4 Qc3+ 68.Qf3 Qe5+ 69.Qf4 Qc3+ 70.Kg2 Qc2+ 71.Kf3 Qc6+ 72.Qe4 Qc3+ 
73.Qe3 Qc6+ 74.Kf4 Qf6+ 75.Kg3 Qd6+ 76.Kh4 Kh7 77.Qe4+ Kg7 78.Qf5 Qa3 79.
Qe5+ Kh7 80.Qe4+ Kg7 81.Qd4+ Kh7 82.g5 Qe7 83.Qg4 Kg7 84.Qd4+ Kh7 85.Qf4 
Kg7 86.Qd4+ Kh7 87.Qf2 Qe4+ 88.Kh5 Qe8+ 89.Kg4 Qa4+ 90.Qf4 Qd1+ 91.Kf5 
Qd7+ 92.Kf6 Qd8+ 93.Ke5 Qe7+ 94.Kf5 Qd7+ 95.Kf6 Qd8+ 96.Ke6 Qe8+ 97.Kd5 
Qd7+ 98.Ke5 Qe7+ 99.Kd4 Qd7+ 100.Ke4 Qe6+ 101.Qe5 Qxh3 102.Qe7+ Kg8 103.
Qd8+ Kg7 104.Qf6+ Kg8 1/2-1/2

[Event "10th Lost Boys op"]
[Site "Amsterdam NED"]
[Date "2002.07.29"]
[Round "4.48"]
[White "Ryan, Joseph"]
[Black "Kohler, Aran"]
[Result "1-0"]
[WhiteElo "2289"]
[BlackElo "2298"]
[EventDate "2002.07.26"]
[PlyCount "81"]

1.d4 Nf6 2.Nf3 d5 3.c4 c6 4.e3 e6 5.Bd3 Nbd7 6.Nbd2 Bd6 7.e4 e5 8.cxd5 
exd4 9.O-O O-O 10.Nc4 Bc5 11.dxc6 bxc6 12.Qa4 a5 13.Bd2 Ba6 14.Qc2 Ng4 15.
h3 Bxc4 16.Qxc4 Nge5 17.Nxe5 Nxe5 18.Qxc5 Nxd3 19.Qxc6 Qc8 20.Qa4 Rd8 21.
Rab1 Nc5 22.Qc2 d3 23.Qc4 Ne6 24.Qxc8 Rdxc8 25.Rfc1 Rd8 26.Be3 Rab8 27.Kf1
g6 28.Ke1 f5 29.exf5 gxf5 30.g3 Rb4 31.Kd2 f4 32.gxf4 Nxf4 33.a3 Re4 34.f3
Ra4 35.b3 Rxa3 36.Bxf4 Ra2+ 37.Kc3 Rf2 38.Be3 Rxf3 39.Rg1+ Kf7 40.Rbf1 
Rxf1 41.Rxf1+ 1-0

[Event "10th Lost Boys op"]
[Site "Amsterdam NED"]
[Date "2002.07.30"]
[Round "5.3"]
[White "Sokolov, Ivan"]
[Black "Shchekachev, Andrei"]
[Result "1-0"]
[WhiteElo "2677"]
[BlackElo "2546"]
[EventDate "2002.07.26"]
[PlyCount "51"]

1.d4 d5 2.c4 e6 3.Nc3 Be7 4.cxd5 exd5 5.Bf4 Nf6 6.e3 Bf5 7.Nge2 O-O 8.Ng3 
Be6 9.Bd3 c5 10.dxc5 Bxc5 11.O-O Nc6 12.Rc1 d4 13.Nb5 Bb6 14.e4 Ng4 15.Nf5
Bxf5 16.exf5 Nge5 17.Be4 Re8 18.Qh5 a6 19.Na3 d3 20.Nc4 Nxc4 21.Rxc4 d2 
22.f6 g6 23.Qh6 Qxf6 24.Bxd2 Bd4 25.Bxc6 bxc6 26.Rxd4 1-0

[Event "10th Lost Boys op"]
[Site "Amsterdam NED"]
[Date "2002.07.30"]
[Round "5.6"]
[White "Bosboom, Manuel"]
[Black "De Vreugt, Dennis"]
[Result "0-1"]
[WhiteElo "2451"]
[BlackElo "2477"]
[EventDate "2002.07.26"]
[PlyCount "76"]

1.d4 Nf6 2.c4 c5 3.Nf3 cxd4 4.Nxd4 b6 5.Nc3 Bb7 6.f3 d6 7.e4 Nbd7 8.Be3 a6
9.Qd2 Rb8 10.Be2 e6 11.g4 h6 12.h4 Qc7 13.O-O-O Ne5 14.Kb1 Rc8 15.Rc1 g6 
16.Qd1 Bg7 17.Qa4+ Nfd7 18.Nd5 exd5 19.cxd5 Qb8 20.f4 b5 21.Qa3 Nc4 22.
Bxc4 bxc4 23.h5 Nc5 24.hxg6 fxg6 25.Rxc4 O-O 26.Rxc5 Rxc5 27.Ne6 Bxb2 28.
Kxb2 Bxd5+ 29.Ka1 Bxe6 30.Bxc5 dxc5 31.f5 Qe5+ 32.Qb2 Qxe4 33.Rxh6 Qe1+ 
34.Qb1 Qc3+ 35.Qb2 Qe1+ 36.Qb1 Qxb1+ 37.Kxb1 Bf7 38.fxg6 Kg7 0-1

[Event "10th Lost Boys op"]
[Site "Amsterdam NED"]
[Date "2002.07.30"]
[Round "5.7"]
[White "Werle, Jan"]
[Black "Handke, Florian"]
[Result "0-1"]
[WhiteElo "2443"]
[BlackElo "2471"]
[EventDate "2002.07.26"]
[PlyCount "58"]

1.Nf3 Nf6 2.c4 e6 3.Nc3 Bb4 4.Qc2 O-O 5.a3 Bxc3 6.Qxc3 b6 7.e3 d6 8.Be2 c5
9.O-O e5 10.b4 Re8 11.Bb2 Nbd7 12.Rae1 Nf8 13.d4 Ng6 14.bxc5 bxc5 15.d5 
Bg4 16.Nd2 Bxe2 17.Rxe2 Rb8 18.f3 h5 19.g3 a5 20.Qc2 Qd7 21.Bc3 a4 22.f4 
exf4 23.Bxf6 Qg4 24.Nf3 gxf6 25.exf4 Nxf4 26.Rxe8+ Rxe8 27.Qxa4 Re2 28.Qb3
h4 29.Nxh4 Qh3 0-1

[Event "10th Lost Boys op"]
[Site "Amsterdam NED"]
[Date "2002.07.30"]
[Round "5.8"]
[White "Vesterbaek Pedersen, Nicolai"]
[Black "Van Wessel, Rudy"]
[Result "1-0"]
[WhiteElo "2458"]
[BlackElo "2360"]
[EventDate "2002.07.26"]
[PlyCount "151"]

1.e4 e5 2.Nf3 Nc6 3.Nc3 Nf6 4.d4 exd4 5.Nxd4 Bb4 6.Nxc6 bxc6 7.Bd3 d5 8.
exd5 cxd5 9.O-O O-O 10.Bg5 c6 11.Na4 Re8 12.c4 Ba6 13.Rc1 h6 14.Be3 dxc4 
15.Bxc4 Bxc4 16.Qxd8 Raxd8 17.Rxc4 Nd5 18.Bc1 Re6 19.a3 Be7 20.Rc2 Re4 21.
Nc5 Bxc5 22.Rxc5 Rd6 23.Rc2 Rde6 24.g3 h5 25.Rd1 h4 26.Kg2 f5 27.Rd3 hxg3 
28.hxg3 f4 29.gxf4 Nxf4+ 30.Bxf4 Rxf4 31.Rd8+ Rf8 32.Rcd2 c5 33.R8d5 Rg6+ 
34.Kf1 Rc6 35.Rd7 a6 36.Ra7 Rcf6 37.Rc7 Rf5 38.Rc2 Rb8 39.Rc6 a5 40.R6xc5 
Rxc5 41.Rxc5 Rxb2 42.Rxa5 Kf7 43.Re5 Kf6 44.Re2 Rb1+ 45.Re1 Rb5 46.a4 Ra5 
47.Re4 Rc5 48.Re3 Ra5 49.Ra3 Ke5 50.Ke2 Kd4 51.Rg3 g5 52.Rg4+ Kc3 53.Re4 
Rf5 54.f3 Ra5 55.Ke3 Rf5 56.Kf2 Ra5 57.Kg3 Kd3 58.Kg4 Kd2 59.Kh5 Rf5 60.
Kg4 Ra5 61.Rb4 Ke3 62.Rb3+ Kd4 63.Rb5 Rxa4 64.Kxg5 Ra8 65.f4 Kc4 66.Re5 
Kd4 67.Re6 Kd5 68.f5 Ra1 69.Kg6 Rh1 70.Ra6 Ke5 71.f6 Rg1+ 72.Kf7 Rb1 73.
Kg8 Rg1+ 74.Kf8 Rg6 75.Ke7 Rh6 76.Ra5+ 1-0

[Event "10th Lost Boys op"]
[Site "Amsterdam NED"]
[Date "2002.07.30"]
[Round "5.9"]
[White "Piceu, Tom"]
[Black "Kritz, Leonid"]
[Result "0-1"]
[WhiteElo "2173"]
[BlackElo "2454"]
[EventDate "2002.07.26"]
[PlyCount "82"]

1.d4 Nf6 2.c4 e6 3.Bg5 h6 4.Bxf6 Qxf6 5.Nc3 g6 6.Nf3 Bg7 7.e3 O-O 8.Bd3 d6
9.O-O Nd7 10.Qc2 Qe7 11.Rad1 c6 12.b4 e5 13.dxe5 dxe5 14.c5 Nf6 15.Bc4 e4 
16.Nd4 Qe5 17.Nce2 Bd7 18.Rd2 Rae8 19.Rfd1 h5 20.Nf4 Kh7 21.Nb3 Bg4 22.Ne2
Qg5 23.Rd6 Bf3 24.g3 h4 25.Nbd4 hxg3 26.hxg3 Ng4 27.Nxf3 exf3 28.Nd4 Bxd4 
29.R1xd4 Qh5 30.Rxg4 Qxg4 31.Rd4 Qg5 32.Rf4 Kg7 33.Rxf3 Qe5 34.Rf4 Rd8 35.
Kg2 Rd7 36.Qe2 Rh8 37.Qf3 f6 38.Qg4 f5 39.Qf3 Qa1 40.Bf1 Rd1 41.Qe2 Rxf1 
0-1

[Event "10th Lost Boys op"]
[Site "Amsterdam NED"]
[Date "2002.07.30"]
[Round "5.10"]
[White "Conquest, Stuart"]
[Black "Odendahl, Reiner"]
[Result "1-0"]
[WhiteElo "2542"]
[BlackElo "2379"]
[EventDate "2002.07.26"]
[PlyCount "75"]

1.d4 Nf6 2.c4 g6 3.Nc3 Bg7 4.e4 O-O 5.Bd3 Nc6 6.Nge2 e5 7.d5 Nd4 8.Nxd4 
exd4 9.Ne2 c5 10.f3 d6 11.Bg5 h6 12.Bh4 Re8 13.O-O g5 14.Be1 Nh5 15.Bd2 a6
16.Rb1 b5 17.b4 bxc4 18.Bxc4 Nf6 19.bxc5 dxc5 20.Qa4 Bd7 21.Qc2 Bb5 22.Ng3
Bxc4 23.Qxc4 Nd7 24.Nf5 Bf8 25.Qa4 Qc8 26.Rfc1 Nf6 27.Rb6 Nxd5 28.Rc6 Qd8 
29.exd5 Re2 30.Qd1 d3 31.d6 Rb8 32.Ng3 Qe8 33.Rxa6 Qe5 34.Nxe2 dxe2 35.Qe1
Bxd6 36.Rxd6 Qxd6 37.Qxe2 Rb2 38.Qe8+ 1-0

[Event "10th Lost Boys op"]
[Site "Amsterdam NED"]
[Date "2002.07.30"]
[Round "5.11"]
[White "Van der Wiel, John"]
[Black "Smeets, Jan"]
[Result "1/2-1/2"]
[WhiteElo "2506"]
[BlackElo "2392"]
[EventDate "2002.07.26"]
[PlyCount "51"]

1.e4 e5 2.Nf3 Nc6 3.Bb5 a6 4.Bxc6 dxc6 5.O-O f6 6.d4 exd4 7.Nxd4 c5 8.Ne2 
Qxd1 9.Rxd1 Bd7 10.Be3 O-O-O 11.Nbc3 Bd6 12.Bf4 Be6 13.Rd2 Ne7 14.Rad1 
Bxf4 15.Nxf4 Rxd2 16.Rxd2 Bf7 17.f3 Rd8 18.Rxd8+ Kxd8 19.Kf2 Kd7 20.Ke3 
Nc6 21.a3 b5 22.Nd3 Kd6 23.f4 Nd4 24.e5+ fxe5 25.Ne4+ Kd5 26.Nc3+ 1/2-1/2

[Event "10th Lost Boys op"]
[Site "Amsterdam NED"]
[Date "2002.07.30"]
[Round "5.12"]
[White "Peek, Marcel"]
[Black "Lobron, Eric"]
[Result "1-0"]
[WhiteElo "2345"]
[BlackElo "2500"]
[EventDate "2002.07.26"]
[PlyCount "101"]

1.d4 Nf6 2.Nf3 e6 3.c4 d5 4.Nc3 Nbd7 5.Bg5 h6 6.Bh4 Be7 7.e3 O-O 8.Rc1 Re8
9.Bd3 dxc4 10.Bxc4 a6 11.O-O b5 12.Bd3 Bb7 13.a4 b4 14.Bxf6 Nxf6 15.Nb1 
Bd6 16.Nbd2 e5 17.dxe5 Bxe5 18.Nc4 Bd6 19.Nxd6 cxd6 20.Be2 Qa5 21.Qxd6 
Qxa4 22.Ra1 Qc2 23.Nd4 Qg6 24.Qg3 Qxg3 25.hxg3 a5 26.Rfc1 Bd5 27.Nb5 Rec8 
28.Rxc8+ Rxc8 29.Nd4 Rc5 30.f3 Be6 31.Kf2 Bd7 32.Nb3 Rf5 33.Rxa5 Ng4+ 34.
Kg1 Rxa5 35.Nxa5 Nxe3 36.Kf2 Nf5 37.Bd3 Nd4 38.Ke3 Ne6 39.Bf5 Kf8 40.Bxe6 
fxe6 41.Kd4 Ke7 42.Kc5 h5 43.Nc6+ Kf6 44.Nxb4 e5 45.Nd5+ Ke6 46.b4 g5 47.
b5 e4 48.fxe4 Ke5 49.b6 Bc8 50.Kc6 Kxe4 51.Kc7 1-0

[Event "10th Lost Boys op"]
[Site "Amsterdam NED"]
[Date "2002.07.30"]
[Round "5.13"]
[White "Ernst, Sipke"]
[Black "Vidarsson, Jon Gardar"]
[Result "1-0"]
[WhiteElo "2469"]
[BlackElo "2378"]
[EventDate "2002.07.26"]
[PlyCount "85"]

1.d4 Nf6 2.c4 e6 3.g3 Bb4+ 4.Bd2 Qe7 5.Bg2 Nc6 6.Nf3 d5 7.O-O dxc4 8.Qc2 
O-O 9.Qxc4 Rd8 10.Rd1 Bxd2 11.Nbxd2 Qb4 12.Qxb4 Nxb4 13.e3 Rb8 14.Rdc1 Ne8
15.Bf1 Nd5 16.Bb5 Bd7 17.Bc4 Nb6 18.Be2 f6 19.Ne4 Kf7 20.Nc5 Ke7 21.Ne1 
Nd6 22.Bf3 c6 23.Ned3 Be8 24.a4 Nd7 25.Nxd7 Rxd7 26.Kg2 Rdd8 27.h4 Nf7 28.
Ra3 Kd6 29.Rb3 e5 30.Nc5 b6 31.Na6 Rbc8 32.a5 exd4 33.exd4 Ke7 34.axb6 
axb6 35.Rxb6 Rxd4 36.Nc5 Nd8 37.Ra6 Bf7 38.Ra7+ Kf8 39.Re1 Rd2 40.Bg4 Bd5+
41.Kg1 Rc2 42.Bxc8 Rxc5 43.Bd7 1-0

[Event "10th Lost Boys op"]
[Site "Amsterdam NED"]
[Date "2002.07.30"]
[Round "5.14"]
[White "Bezemer, Arno"]
[Black "Janssen, Ruud"]
[Result "1/2-1/2"]
[WhiteElo "2320"]
[BlackElo "2468"]
[EventDate "2002.07.26"]
[PlyCount "98"]

1.e4 c5 2.Nf3 d6 3.d4 cxd4 4.Nxd4 Nf6 5.Nc3 a6 6.Bc4 e6 7.Bb3 b5 8.Bg5 Be7
9.Qf3 Qc7 10.O-O-O O-O 11.e5 dxe5 12.Bxf6 gxf6 13.Nf5 exf5 14.Qxa8 Bc5 15.
Qf3 e4 16.Qh5 Bxf2 17.Nd5 Qe5 18.Rhf1 e3 19.Qe2 Nc6 20.Rxf2 exf2 21.Qxf2 
Na5 22.Qd2 Nxb3+ 23.axb3 Bb7 24.Nf4 Be4 25.Nh5 f4 26.Qxf4 Qxf4+ 27.Nxf4 
Rc8 28.c3 Rc6 29.Rd4 f5 30.Kd2 Kg7 31.Ke3 Kf6 32.g3 a5 33.Rd8 b4 34.c4 Bc2
35.Nd5+ Kg7 36.Ra8 Bxb3 37.Rxa5 Rxc4 38.Kd3 Rc2 39.Nxb4 Rxh2 40.Rxf5 Be6 
41.Rg5+ Kh6 42.Rg8 Rxb2 43.Nc6 f6 44.Rd8 Rg2 45.Rd6 Bf5+ 46.Ke3 Kg5 47.Nd4
Rxg3+ 48.Kf2 Rg4 49.Nf3+ Kf4 1/2-1/2

[Event "10th Lost Boys op"]
[Site "Amsterdam NED"]
[Date "2002.07.30"]
[Round "5.15"]
[White "Shirazi, Kamran"]
[Black "Erwich, Marc"]
[Result "1-0"]
[WhiteElo "2448"]
[BlackElo "2376"]
[EventDate "2002.07.26"]
[PlyCount "101"]

1.d4 Nf6 2.Nc3 d5 3.Bg5 Nbd7 4.f3 e6 5.e4 dxe4 6.fxe4 h6 7.Bh4 Bb4 8.Qf3 
c5 9.O-O-O Bxc3 10.bxc3 Qa5 11.Kb1 cxd4 12.cxd4 e5 13.Bc4 exd4 14.Bb3 O-O 
15.Rxd4 Ne5 16.Qd1 Bg4 17.Nf3 Rad8 18.Rf1 Qb6 19.Rxd8 Rxd8 20.Qe1 Bxf3 21.
gxf3 Nc4 22.Rf2 g5 23.Bg3 Nh5 24.c3 Nxg3 25.hxg3 Na5 26.Kb2 Rd3 27.Kc2 Rd6
28.e5 Rc6 29.Bd5 Rc5 30.e6 fxe6 31.Bxe6+ Kg7 32.Rd2 Kf6 33.Rh2 Kg7 34.Rd2 
Kf6 35.Rd5 Rxd5 36.Bxd5 Qd6 37.Qe4 Nc6 38.g4 Ne7 39.Bxb7 Qh2+ 40.Kb3 Qd6 
41.Qd4+ Qxd4 42.cxd4 Ke6 43.Kc4 Kd6 44.Be4 Ng8 45.Kb5 Nf6 46.a4 h5 47.gxh5
Nxh5 48.Ka6 Nf6 49.Bf5 Kd5 50.Kxa7 Kxd4 51.a5 1-0

[Event "10th Lost Boys op"]
[Site "Amsterdam NED"]
[Date "2002.07.30"]
[Round "5.16"]
[White "Van Haastert, Edwin"]
[Black "Piasetski, Leon David"]
[Result "1-0"]
[WhiteElo "2427"]
[BlackElo "2350"]
[EventDate "2002.07.26"]
[PlyCount "69"]

1.e4 c5 2.c3 e6 3.d4 d5 4.e5 Nc6 5.Nf3 Qb6 6.a3 a5 7.Bd3 Bd7 8.Bc2 f5 9.
O-O Nh6 10.Re1 Be7 11.c4 Nxd4 12.Nxd4 cxd4 13.cxd5 exd5 14.e6 Bc6 15.Qh5+ 
Kd8 16.Bd3 a4 17.Nd2 Bb5 18.Bxb5 Qxb5 19.Nf3 Kc7 20.Bxh6 gxh6 21.Nxd4 Qe8 
22.Qxf5 Rd8 23.Qe5+ Bd6 24.Qg7+ Qe7 25.Qxh6 Rhf8 26.Qh3 Bc5 27.Rad1 Rf6 
28.Re2 Rdf8 29.Qg3+ Rf4 30.Qc3 Kb8 31.g3 Re4 32.Rxe4 dxe4 33.Re1 Qf6 34.
Nc6+ bxc6 35.Qxc5 1-0

[Event "10th Lost Boys op"]
[Site "Amsterdam NED"]
[Date "2002.07.30"]
[Round "5.17"]
[White "Hendriks, Willy"]
[Black "Afek, Yochanan"]
[Result "1/2-1/2"]
[WhiteElo "2410"]
[BlackElo "2329"]
[EventDate "2002.07.26"]
[PlyCount "40"]

1.e4 c5 2.Nf3 Nf6 3.Nc3 d5 4.Bb5+ Bd7 5.Qe2 dxe4 6.Nxe4 Nxe4 7.Bxd7+ Qxd7 
8.Qxe4 Nc6 9.O-O e6 10.b3 Be7 11.Bb2 O-O 12.Rfe1 Rfd8 13.Rad1 Nd4 14.Nxd4 
cxd4 15.c4 dxc3 16.Bxc3 Rac8 17.Re3 Bc5 18.Rf3 Rc6 19.Re1 Bd4 20.h3 f5 
1/2-1/2

[Event "10th Lost Boys op"]
[Site "Amsterdam NED"]
[Date "2002.07.30"]
[Round "5.19"]
[White "Jonkman, Harmen"]
[Black "Roobol, Martin"]
[Result "1-0"]
[WhiteElo "2497"]
[BlackElo "2338"]
[EventDate "2002.07.26"]
[PlyCount "49"]

1.e4 d6 2.d4 Nf6 3.Nc3 g6 4.f4 Bg7 5.Nf3 c5 6.Bb5+ Bd7 7.e5 Ng4 8.e6 fxe6 
9.Ng5 Bxb5 10.Nxb5 Qa5+ 11.c3 Qxb5 12.Nxe6 Qc4 13.Qxg4 cxd4 14.Nxg7+ Kf7 
15.f5 Kxg7 16.Be3 Nc6 17.O-O-O Qc5 18.f6+ Kf7 19.Bxd4 Nxd4 20.Rxd4 Kxf6 
21.Qh4+ g5 22.Qh6+ Kf7 23.Rf1+ Ke8 24.Re4 Qd5 25.Rxe7+ 1-0

[Event "10th Lost Boys op"]
[Site "Amsterdam NED"]
[Date "2002.07.30"]
[Round "5.22"]
[White "l`Ami, Erwin"]
[Black "Spaan, Martijn Tigran"]
[Result "1-0"]
[WhiteElo "2438"]
[BlackElo "2311"]
[EventDate "2002.07.26"]
[PlyCount "65"]

1.e4 c5 2.Nf3 d6 3.d4 cxd4 4.Nxd4 Nf6 5.Nc3 g6 6.f4 Nc6 7.Nxc6 bxc6 8.e5 
Nd7 9.exd6 exd6 10.Be3 Be7 11.Qd2 O-O 12.O-O-O Nf6 13.Bd4 Be6 14.g3 c5 15.
Bf2 Qa5 16.Bg2 Rab8 17.Nd5 Qxd2+ 18.Rxd2 Bxd5 19.Bxd5 Ng4 20.Bg1 Bf6 21.c3
Rfe8 22.Bf3 Re1+ 23.Rd1 Rxd1+ 24.Bxd1 h5 25.h3 Nh6 26.g4 Bh4 27.Be3 Re8 
28.Bd2 Bf2 29.f5 Be3 30.fxg6 fxg6 31.gxh5 g5 32.Kc2 Kg7 33.Re1 1-0

[Event "10th Lost Boys op"]
[Site "Amsterdam NED"]
[Date "2002.07.30"]
[Round "5.23"]
[White "Van der Werf, Mark"]
[Black "Dambacher, Martijn"]
[Result "1/2-1/2"]
[WhiteElo "2422"]
[BlackElo "2297"]
[EventDate "2002.07.26"]
[PlyCount "105"]

1.c4 e6 2.Nc3 d5 3.d4 Nf6 4.Bg5 Be7 5.e3 O-O 6.Nf3 h6 7.Bh4 b6 8.cxd5 Nxd5
9.Bxe7 Qxe7 10.Nxd5 exd5 11.Rc1 Be6 12.Qa4 c5 13.dxc5 bxc5 14.Qa3 Rc8 15.
Nd4 Nd7 16.Ba6 Re8 17.Nxe6 fxe6 18.Be2 c4 19.Qc3 Rab8 20.O-O Qb4 21.b3 
cxb3 22.axb3 Qxb3 23.Qc7 Rb7 24.Qd6 Nf6 25.Bd1 Qb4 26.Qc6 Rb6 27.Qc7 Rb7 
28.Qg3 Qe7 29.Bc2 e5 30.Bf5 Rc7 31.Ra1 Rb8 32.h3 Rb6 33.Rfb1 Rcb7 34.Rxb6 
Rxb6 35.Rc1 Rb8 36.Rc6 Re8 37.h4 a5 38.Ra6 d4 39.Rxa5 dxe3 40.fxe3 Kf8 41.
Rb5 Qc7 42.Qf2 Rb8 43.Rxb8+ Qxb8 44.g4 g5 45.hxg5 hxg5 46.Qc2 Qb6 47.Kf2 
Ke7 48.Qc8 Qd6 49.Qb7+ Kd8 50.Ke2 Nd5 51.Qc8+ Ke7 52.Qc4 Nf6 53.Qc8 
1/2-1/2

[Event "10th Lost Boys op"]
[Site "Amsterdam NED"]
[Date "2002.07.30"]
[Round "5.24"]
[White "De Heer, Machiel"]
[Black "Klinova, Masha"]
[Result "1/2-1/2"]
[WhiteElo "2293"]
[BlackElo "2407"]
[EventDate "2002.07.26"]
[PlyCount "108"]

1.d4 d6 2.e4 e5 3.Nf3 Nc6 4.dxe5 Nxe5 5.Nxe5 dxe5 6.Qxd8+ Kxd8 7.Bc4 f6 8.
Be3 Bd6 9.O-O Ne7 10.Nd2 Nc6 11.a4 Ke7 12.c3 Be6 13.Rfd1 Rhd8 14.f3 a6 15.
a5 Kf7 16.Kf2 Rd7 17.Bxe6+ Kxe6 18.Nc4 Be7 19.Rxd7 Kxd7 20.Ke2 Ke6 21.Bf2 
g6 22.Ne3 Bd6 23.Nd5 Ne7 24.Rd1 Rf8 25.b4 f5 26.c4 c6 27.c5 cxd5 28.cxd6 
Kxd6 29.Bc5+ Kd7 30.Bxe7 Kxe7 31.Rxd5 Ke6 32.Rc5 Rf7 33.Rc8 Rg7 34.Re8+ 
Kf6 35.Rf8+ Ke6 36.Rb8 Kd6 37.Re8 Rc7 38.Rb8 Kc6 39.Re8 fxe4 40.fxe4 Kb5 
41.Rxe5+ Kxb4 42.Kd3 Rc3+ 43.Kd4 Rc2 44.Re7 Rxg2 45.Rxb7+ Kxa5 46.Rxh7 Kb6
47.Kd5 a5 48.e5 a4 49.Rh8 a3 50.Ra8 a2 51.h4 Rc2 52.e6 Rc5+ 53.Kd6 Ra5 54.
Rxa5 Kxa5 1/2-1/2